De la ontología fenomenológica existencial a la concepción marxista de la historia: una investigación sobre la filosofía de Jean-Paul Sartre

সংরক্ষণ করুন:
গ্রন্থ-পঞ্জীর বিবরন
প্রধান লেখক: Fornet Betancourt, Raúl (Author)
বিন্যাস: গ্রন্থ
ভাষা:স্প্যানিশ
প্রকাশিত: Salamanca Universidad Pontificia de Salamanca 1978
বিষয়গুলি:
ট্যাগগুলো: ট্যাগ যুক্ত করুন
কোনো ট্যাগ নেই, প্রথমজন হিসাবে ট্যাগ করুন!

MARC

LEADER 00000nam a2200000 a 4500
001 UCZ1866
003 CL-VaPUC
008 950914e19780000SP |||||||||||||||||spa|d
082 0 4 |a 194  |b FOR  |2 21 
100 0 |a Fornet Betancourt, Raúl  |e author  |9 345555 
245 1 0 |a De la ontología fenomenológica existencial a la concepción marxista de la historia: una investigación sobre la filosofía de Jean-Paul Sartre 
300 |a 84 p 
942 |c BK 
945 |d 19950914 00:00:00  |a rbrito 
260 |a Salamanca  |b Universidad Pontificia de Salamanca  |c 1978 
600 0 7 |a SARTRE, JEAN-PAUL  |2 CL-VaPUC  |9 269377 
650 0 |a Ontología   |9 256850 
650 0 |a Existencialismo  |9 265698 
650 7 |a MARXISMO  |2 CL-VaPUC  |9 345556 
650 0 |a Historia  |9 255047 
650 0 |a Filosofía francesa   |9 255698 
650 0 |a Crítica e interpretación   |9 255042 
583 |a last modification  |c 19950914 00:00:00  |k Rodrigo Vera 
999 |c 238547  |d 238545 
952 |0 0  |1 0  |4 0  |6 194_000000000000000_FOR_1978  |7 0  |8 P  |9 248798  |a BIBEDU  |b BIBEDU  |c BIBEDU_PB  |d 2019-11-18  |i 3132617  |o 194 FOR 1978  |p 3132617  |r 2024-01-25  |w 2019-11-18  |y BK  |k FIL